00510 2200169 4500245011100000020002200111250001100133100001600144700001700160650002600177650003200203005001900235260004200254041001400296300002100310336000900331 aPasang Surut Runtuhnya Kerajaan Hindu-Buddha Dan Bangkitnya Kerajaan Islam Di NusantaracRizem AizidhText a978-623-244-808-7 aCet. 1 aRizem Aizid aFira Husaini aKerajaan Hindu-Buddha aKerajaan Islam di Nusantara a20240910084925 aYogyakartabAnak Hebat Indonesac2022 aIndonesia a238 hlm. :c20cm atext